A carregar...

Technical change and employment /

Detalhes bibliográficos
Autor principal: Rothwell, Roy
Outros Autores: Zegveld, Watter
Formato: Printed Book
Idioma:English
Publicado em: London: Frances Pinter, 1979.
LEADER 00474 a2200133 4500
008 100208b ||||| |||| 00| 0 eng d
082 |a 331.2 
100 |a Rothwell, Roy. 
245 |a Technical change and employment / 
260 |b Frances Pinter,  |a London:  |c 1979. 
700 |a Zegveld, Watter. 
942 |c BK 
999 |c 314365  |d 314365 
952 |0 0  |1 0  |2 ddc  |4 0  |6 331_200000000000000_ROT_TE  |7 0  |9 360465  |a ECN  |b ECN  |c ST1  |d 2010-09-07  |g 0.00  |i 4875  |l 0  |o 331.2 ROT/TE  |p ECN4875  |r 2010-09-07  |w 2010-09-07  |y BK